Missing Word: Twilight Zone Quiz Stats

 Plays Quiz Updated May 9, 2018

Challenge
Share
Tweet
Embed
Score 0/20 Timer 04:00
0 Plays Today
Episode Name Answer % Correct
_______ of the BeholderEye
89.8%
I ______ the Body ElectricSing
56.8%
______ Enough at LastTime
55.9%
The ______ Are Due on Maple StreetMonsters
53.6%
Person or Persons ______Unknown
52.9%
The Odyssey of ______ 33Flight
52.5%
Five ______ in Search of an ExitCharacters
49.9%
______ DollLiving
48.1%
Will the Real ______ Please Stand Up?Martian
45.7%
______ at 20,000 FeetNightmare
45.3%
Episode Name Answer % Correct
Where is ______?Everybody
45%
Deaths-Head ______Revisited
37.6%
One for the ______Angels
36.2%
The ______ SunMidnight
34.3%
In ______ of PipPraise
34.1%
King ______ Will Not ReturnNine
33.5%
Mr. ______, The StrongDingle
33%
Mr. Denton on ______Doomsday
32.1%
A Game of ______Pool
31.4%
______ in a Quiet TownStopover
30%

Today's Daily Dose

Word Ladder
Bruno Mars Song

Get the Picture
Japanese Cars

You're not logged in!

Compare scores with friends on all Sporcle quizzes.
OR
Log In

You Might Also Like...

Show Comments

Extras

Top Quizzes Today


Score Distribution

Your Account Isn't Verified!

In order to create a playlist on Sporcle, you need to verify the email address you used during registration. Go to your Sporcle Settings to finish the process.

Report this User

Report this user for behavior that violates our Community Guidelines.

Details: